[Event "Hessenliga 1213"]
[Site "Germany"]
[Date "2013.05.05"]
[Round "9.5"]
[White "Raab, Peter"]
[Black "Tennstedt, Andreas"]
[Result "1/2-1/2"]
[WhiteElo "2165"]
[BlackElo "2191"]
[PlyCount "80"]
[EventDate "2012.09.16"]
[EventType "team-tourn"]
[EventRounds "9"]
[EventCountry "GER"]
[SourceTitle "EXT 2014"]
[Source "ChessBase"]
[SourceDate "2013.11.20"]
[SourceVersion "1"]
[SourceVersionDate "2013.11.20"]
[SourceQuality "1"]
[WhiteTeam "Eppstein"]
[BlackTeam "Griesheim II"]
[WhiteTeamCountry "GER"]
[BlackTeamCountry "GER"]

1. Nf3 c5 2. c4 g6 3. g3 Nc6 4. Bg2 Bg7 5. Nc3 d6 6. a3 Bd7 7. Rb1 Qc8 8. h3 Rb8 9. d3 Nd4 10. Nxd4 cxd4 11. Ne4 Nf6 12. Nxf6+ Bxf6 13. b4 Bc6 14. 0-0 0-0 15. b5 Bxg2 16. Kxg2 Qd7 17. a4 Rbc8 18. Qb3 d5 19. cxd5 Rfd8 20. Bb2 Qxd5+ 21. Qxd5 Rxd5 22. Rbc1 Rdc5 23. Rxc5 Rxc5 24. Rc1 Rxc1 25. Bxc1 Bg7 26. Ba3 e5 27. g4 f5 28. Kg3 Kf7 29. gxf5 gxf5 30. Kf3 Ke6 31. e4 dxe3 32. Kxe3 Kd5 33. f3 Bh6+ 34. Ke2 Bf4 35. Bb2 Bg5 36. Ba3 Bd8 37. Bb2 Bb6 38. Kd2 Bd4 39. Ba3 e4 40. fxe4+ fxe4 1/2-1/2

[Event "Hessenliga 1213"]
[Site "Germany"]
[Date "2013.01.27"]
[Round "5.4"]
[White "Raab, Peter"]
[Black "Schmidt, Walter"]
[Result "1/2-1/2"]
[WhiteElo "2165"]
[BlackElo "2217"]
[PlyCount "31"]
[EventDate "2012.09.16"]
[EventType "team-tourn"]
[EventRounds "9"]
[EventCountry "GER"]
[SourceTitle "EXT 2014"]
[Source "ChessBase"]
[SourceDate "2013.11.20"]
[SourceVersion "1"]
[SourceVersionDate "2013.11.20"]
[SourceQuality "1"]
[WhiteTeam "Eppstein"]
[BlackTeam "Bad Homburg"]
[WhiteTeamCountry "GER"]
[BlackTeamCountry "GER"]

1. Nf3 Nf6 2. c4 e6 3. g3 d5 4. b3 a5 5. a3 Be7 6. Bb2 0-0 7. Bg2 c6 8. d3 Nbd7 9. Nbd2 Re8 10. Qc2 Bd6 11. d4 Qe7 12. 0-0 e5 13. dxe5 Nxe5 14. Nd4 dxc4 15. bxc4 Ng6 16. e4 1/2-1/2

[Event "Hessenliga 1112"]
[Site "Germany"]
[Date "2012.03.04"]
[Round "7.3"]
[White "Raab, Peter"]
[Black "Bollmann, Henrik"]
[Result "1/2-1/2"]
[WhiteElo "2165"]
[BlackElo "2133"]
[PlyCount "73"]
[EventDate "2011.09.25"]
[EventType "team-tourn"]
[EventRounds "9"]
[EventCountry "GER"]
[SourceTitle "EXT 2013"]
[Source "ChessBase"]
[SourceDate "2012.11.22"]
[SourceVersion "1"]
[SourceVersionDate "2012.11.22"]
[SourceQuality "1"]
[WhiteTeam "Eppstein"]
[BlackTeam "Bad Nauheim"]
[WhiteTeamCountry "GER"]
[BlackTeamCountry "GER"]

1. Nf3 d5 2. c4 e6 3. b3 c6 4. Bb2 Nf6 5. Qc2 a5 6. e3 a4 7. bxa4 Qa5 8. Nc3 Nbd7 9. Be2 Nb6 10. cxd5 exd5 11. 0-0 Be7 12. d4 Nxa4 13. Nxa4 Qxa4 14. Bd3 Qxc2 15. Bxc2 Bb4 16. a4 Bg4 17. Ba3 Bxa3 18. Rxa3 Bxf3 19. gxf3 Kd7 20. Rb3 Kc7 21. Rfb1 Rhb8 22. Rb4 Ra5 23. Bd3 h6 24. e4 Nh5 25. Bf1 Nf4 26. e5 Ra7 27. h3 h5 28. Kh2 h4 29. R1b3 Ra5 30. Rb1 Raa8 31. R1b3 g6 32. Rb1 Ra7 33. R1b3 b6 34. Rc3 Kd7 35. Rcb3 Kc7 36. Rc3 Kd7 37. Rcb3 1/2-1/2

[Event "Hessenliga 1112"]
[Site "Germany"]
[Date "2012.01.29"]
[Round "5.1"]
[White "Raab, Peter"]
[Black "Uwira, Oliver"]
[Result "0-1"]
[WhiteElo "2165"]
[BlackElo "2259"]
[PlyCount "82"]
[EventDate "2011.09.25"]
[EventType "team-tourn"]
[EventRounds "9"]
[EventCountry "GER"]
[SourceTitle "EXT 2013"]
[Source "ChessBase"]
[SourceDate "2012.11.22"]
[SourceVersion "1"]
[SourceVersionDate "2012.11.22"]
[SourceQuality "1"]
[WhiteTeam "Eppstein"]
[BlackTeam "Nied"]
[WhiteTeamCountry "GER"]
[BlackTeamCountry "GER"]

1. Nf3 d5 2. c4 e6 3. b3 Be7 4. Bb2 Bf6 5. Qc2 c5 6. e3 Nc6 7. a3 d4 8. exd4 Nxd4 9. Nxd4 Bxd4 10. Bxd4 Qxd4 11. Qc3 Ne7 12. Qxd4 cxd4 13. g3 Bd7 14. Bg2 Bc6 15. Bxc6+ Nxc6 16. d3 h5 17. h3 h4 18. g4 Ne5 19. Ke2 Ng6 20. Kf3 e5 21. Ke4 f6 22. Nd2 Nf4 23. Nf3 Rd8 24. Ne1 Kf7 25. Kf3 g6 26. Rd1 f5 27. b4 Kf6 28. Rd2 Rde8 29. gxf5 gxf5 30. Nc2 Nxd3 31. Nxd4 e4+ 32. Ke2 Nxf2 33. Rh2 Nd3 34. Nb5 a6 35. Nc7 Reg8 36. Nd5+ Ke5 37. Kf1 Rg3 38. Ne7 Rh7 39. Nd5 Rhg7 40. Rh1 Rf3+ 41. Ke2 Rg2+ 0-1

[Event "Hessenliga 0809"]
[Site "Germany"]
[Date "2009.03.08"]
[Round "9.3"]
[White "Regis, Georg"]
[Black "Raab, Peter"]
[Result "0-1"]
[WhiteElo "2167"]
[BlackElo "2140"]
[PlyCount "77"]
[EventDate "2008.09.14"]
[EventType "team-tourn"]
[EventRounds "9"]
[EventCountry "GER"]
[SourceTitle "EXT 2011"]
[Source "ChessBase"]
[SourceDate "2010.11.26"]
[SourceVersion "1"]
[SourceVersionDate "2010.11.26"]
[SourceQuality "1"]
[WhiteTeam "Dotzheim"]
[BlackTeam "Eppstein"]
[WhiteTeamCountry "GER"]
[BlackTeamCountry "GER"]

1. c4 f5 2. d4 Nf6 3. Nc3 d6 4. g3 g6 5. Bg2 Bg7 6. e4 fxe4 7. Nxe4 Nxe4 8. Bxe4 Nd7 9. Ne2 Nf6 10. Bg2 0-0 11. 0-0 c6 12. d5 c5 13. Nf4 Bd7 14. Ne6 Bxe6 15. dxe6 Rb8 16. a4 b6 17. Qe2 a6 18. Rd1 Ne8 19. Bf4 Bd4 20. Be3 Bg7 21. h4 Nc7 22. h5 Rf6 23. Bg5 Rf5 24. f4 h6 25. g4 Rf8 26. Bh4 Rxf4 27. hxg6 Qe8 28. Be4 h5 29. Kg2 Rxg4+ 30. Kh3 Bxb2 31. Rab1 Bg7 32. Rg1 Qxa4 33. Rbc1 Qa3+ 34. Bf3 Rf4 35. Rg3 Qxc1 36. Bg2 Qxc4 37. Qxh5 Rxh4+ 38. Qxh4 Qxh4+ 39. Kxh4 0-1

[Event "Hessenliga 0809"]
[Site "Germany"]
[Date "2009.02.15"]
[Round "8.2"]
[White "Meyer Cording, Claus"]
[Black "Raab, Peter"]
[Result "1/2-1/2"]
[WhiteElo "2156"]
[BlackElo "2140"]
[PlyCount "50"]
[EventDate "2008.09.14"]
[EventType "team-tourn"]
[EventRounds "9"]
[EventCountry "GER"]
[SourceTitle "EXT 2011"]
[Source "ChessBase"]
[SourceDate "2010.11.26"]
[SourceVersion "1"]
[SourceVersionDate "2010.11.26"]
[SourceQuality "1"]
[WhiteTeam "Schoeneck II"]
[BlackTeam "Eppstein"]
[WhiteTeamCountry "GER"]
[BlackTeamCountry "GER"]

1. d4 f5 2. f4 Nf6 3. Nf3 e6 4. e3 b6 5. b3 Bb7 6. Be2 Be7 7. c4 0-0 8. 0-0 d6 9. Nc3 Ne4 10. Nxe4 Bxe4 11. Nd2 Bb7 12. Bf3 d5 13. Bb2 Nd7 14. Rc1 c6 15. g3 Nf6 16. Qe2 Qd7 17. Bg2 Ne4 18. cxd5 cxd5 19. Nxe4 dxe4 20. Rc2 Rac8 21. Rfc1 Rxc2 22. Rxc2 Rc8 23. Bf1 Rxc2 24. Qxc2 Bd5 25. Bc1 Kf7 1/2-1/2

[Event "Hessenliga 0809"]
[Site "Germany"]
[Date "2009.01.25"]
[Round "6.2"]
[White "Flach, Erich"]
[Black "Raab, Peter"]
[Result "0-1"]
[WhiteElo "2176"]
[BlackElo "2140"]
[PlyCount "44"]
[EventDate "2008.09.14"]
[EventType "team-tourn"]
[EventRounds "9"]
[EventCountry "GER"]
[SourceTitle "EXT 2011"]
[Source "ChessBase"]
[SourceDate "2010.11.26"]
[SourceVersion "1"]
[SourceVersionDate "2010.11.26"]
[SourceQuality "1"]
[WhiteTeam "Bensheim"]
[BlackTeam "Eppstein"]
[WhiteTeamCountry "GER"]
[BlackTeamCountry "GER"]

1. d4 f5 2. Qd3 d5 3. Bg5 Nf6 4. Bxf6 exf6 5. g3 c6 6. e3 Be6 7. Ne2 g6 8. h4 h5 9. Nf4 Bf7 10. Be2 Bd6 11. b3 Na6 12. Bf3 Qe7 13. c4 Bxf4 14. gxf4 dxc4 15. bxc4 Rd8 16. Nd2 Nb4 17. Qc3 Rxd4 18. Rb1 Nd3+ 19. Kf1 Rd8 20. Rxb7 Qxb7 21. Qxf6 0-0 22. Bxc6 Qb2 0-1

[Event "Hessenliga 0809"]
[Site "Germany"]
[Date "2008.09.28"]
[Round "2.3"]
[White "Overbeck, Thorsten"]
[Black "Raab, Peter"]
[Result "1-0"]
[WhiteElo "2216"]
[BlackElo "2140"]
[PlyCount "119"]
[EventDate "2008.09.14"]
[EventType "team-tourn"]
[EventRounds "9"]
[EventCountry "GER"]
[SourceTitle "EXT 2011"]
[Source "ChessBase"]
[SourceDate "2010.11.26"]
[SourceVersion "1"]
[SourceVersionDate "2010.11.26"]
[SourceQuality "1"]
[WhiteTeam "Neuberg"]
[BlackTeam "Eppstein"]
[WhiteTeamCountry "GER"]
[BlackTeamCountry "GER"]

1. d4 f5 2. Bg5 g6 3. Nd2 Bg7 4. e3 Nf6 5. h4 h6 6. Bxf6 Bxf6 7. Bd3 d5 8. g4 e6 9. Ne2 Nc6 10. gxf5 gxf5 11. Nf4 Ne7 12. Qh5+ Kf8 13. 0-0-0 Qe8 14. Qf3 Qf7 15. Nh5 Nc6 16. c3 Be7 17. Rdg1 Rh7 18. Nf4 Rg7 19. Rxg7 Qxg7 20. Rh2 Qf7 21. Rg2 Ke8 22. Ng6 Bf6 23. Qf4 Bg7 24. Be2 Kd8 25. Bh5 Qf6 26. Nf3 Bd7 27. Nge5 Ne7 28. Qg3 Bf8 29. Ng1 Be8 30. Bxe8 Kxe8 31. Ne2 Rc8 32. Nf4 c5 33. Nh5 Qh8 34. Ng7+ Bxg7 35. Qxg7 Qxg7 36. Rxg7 f4 37. Rh7 Ng8 38. Rxb7 fxe3 39. fxe3 cxd4 40. exd4 Ra8 41. Rh7 a5 42. Ng4 Ra6 43. h5 a4 44. Kc2 Kf8 45. Rb7 Ra8 46. b3 axb3+ 47. Kxb3 Re8 48. a4 Ra8 49. Kb4 Rc8 50. a5 Ne7 51. a6 Nc6+ 52. Kb5 Nd8 53. Ne5 Rxc3 54. Rb8 Rb3+ 55. Kc5 Rxb8 56. Nd7+ Ke7 57. Nxb8 e5 58. a7 Ne6+ 59. Kb6 e4 60. a8Q 1-0

[Event "Karl Mala Memorial op 11th"]
[Site "Frankfurt"]
[Date "2008.06.29"]
[Round "6"]
[White "Raab, Peter"]
[Black "Mack, Thorsten"]
[Result "1-0"]
[WhiteElo "2140"]
[BlackElo "1786"]
[PlyCount "91"]
[EventDate "2008.06.26"]
[EventType "swiss"]
[EventRounds "7"]
[EventCountry "GER"]
[SourceTitle "CBM 125 Extra"]
[Source "ChessBase"]
[SourceDate "2008.09.01"]
[SourceVersion "1"]
[SourceVersionDate "2008.09.01"]
[SourceQuality "1"]

1. Nf3 g6 2. c4 Bg7 3. g3 Nf6 4. Bg2 d6 5. Nc3 e5 6. d3 0-0 7. 0-0 c5 8. Bg5 h6 9. Bxf6 Bxf6 10. Ne1 Bg7 11. Nc2 Nc6 12. Ne3 Be6 13. Ned5 a6 14. a3 Rb8 15. Qa4 Ne7 16. Rab1 Nxd5 17. Nxd5 Bd7 18. Qc2 b5 19. cxb5 axb5 20. b4 Rc8 21. Qd2 Kh7 22. Rfc1 h5 23. Rc2 Bh6 24. e3 c4 25. Be4 f5 26. Bg2 cxd3 27. Rxc8 Qxc8 28. Rc1 Qd8 29. Qxd3 e4 30. Qd4 Bg7 31. Qa7 Be6 32. Rc7 Rg8 33. Ne7 Bc4 34. Nxg8 Qxg8 35. Qb7 d5 36. Qc6 Kh6 37. Qd6 Qe8 38. Re7 Qf8 39. Qf4+ Kh7 40. Qc7 Qf6 41. h4 Qa1+ 42. Kh2 Qf6 43. Qd7 Qa1 44. Qd6 Qb2 45. Ra7 d4 46. Qf6 1-0

[Event "Karl Mala Memorial op 11th"]
[Site "Frankfurt"]
[Date "2008.06.27"]
[Round "2"]
[White "Raab, Peter"]
[Black "Ostermeier, Thorsten"]
[Result "1-0"]
[WhiteElo "2140"]
[BlackElo "1943"]
[PlyCount "75"]
[EventDate "2008.06.26"]
[EventType "swiss"]
[EventRounds "7"]
[EventCountry "GER"]
[SourceTitle "CBM 125 Extra"]
[Source "ChessBase"]
[SourceDate "2008.09.01"]
[SourceVersion "1"]
[SourceVersionDate "2008.09.01"]
[SourceQuality "1"]

1. Nf3 d5 2. c4 e6 3. b3 Nf6 4. Bb2 Be7 5. g3 c5 6. Bg2 Nc6 7. 0-0 0-0 8. e3 Bd7 9. Qe2 Qc7 10. Nc3 Rad8 11. cxd5 exd5 12. d4 cxd4 13. Nb5 Qb8 14. Nbxd4 Rfe8 15. Rac1 h6 16. Nxc6 Bxc6 17. Ne5 Rc8 18. Nxc6 Rxc6 19. Bxf6 Bxf6 20. Bxd5 Rd6 21. Qc4 Rd7 22. Rfd1 Red8 23. e4 g5 24. Rc2 Kg7 25. Rdc1 Be5 26. Qe2 Re7 27. Qg4 Qd6 28. Kg2 Qg6 29. Rc8 h5 30. Qe2 Rxc8 31. Rxc8 h4 32. Qg4 hxg3 33. hxg3 b6 34. f4 Bd4 35. Rc6 f6 36. Rc8 Re8 37. Rc7+ Kf8 38. Qh3 1-0

[Event "Rhein Main op 10th"]
[Site "Bad Homburg"]
[Date "2007.06.09"]
[Round "5"]
[White "Raab, Peter"]
[Black "Hillgaertner, Walter"]
[Result "1/2-1/2"]
[WhiteElo "2143"]
[BlackElo "2062"]
[PlyCount "63"]
[EventDate "2007.06.06"]
[EventType "swiss"]
[EventRounds "7"]
[EventCountry "GER"]
[SourceTitle "EXT 2008"]
[Source "ChessBase"]
[SourceDate "2007.11.25"]
[SourceVersion "1"]
[SourceVersionDate "2007.11.25"]
[SourceQuality "1"]

1. Nf3 Nf6 2. c4 c5 3. Nc3 Nc6 4. d4 cxd4 5. Nxd4 g6 6. g3 Bg7 7. Bg2 0-0 8. 0-0 Nxd4 9. Qxd4 d6 10. Qd3 Bf5 11. e4 Bd7 12. h3 Bc6 13. Be3 Nd7 14. Qd2 Re8 15. Rfd1 a5 16. Rac1 Qb8 17. Nd5 Bxd5 18. cxd5 Rc8 19. Bf1 Nc5 20. f3 b6 21. Bb5 Rf8 22. Bd4 Qa7 23. Bxg7 Kxg7 24. Qd4+ Kg8 25. f4 a4 26. Kg2 Qa5 27. Be2 b5 28. Bf3 Rab8 29. Rc3 b4 30. Re3 Qb6 31. e5 Nd7 32. e6 1/2-1/2

[Event "Rhein Main op 10th"]
[Site "Bad Homburg"]
[Date "2007.06.08"]
[Round "4"]
[White "Habibi, Ali"]
[Black "Raab, Peter"]
[Result "1-0"]
[WhiteElo "2268"]
[BlackElo "2143"]
[PlyCount "71"]
[EventDate "2007.06.06"]
[EventType "swiss"]
[EventRounds "7"]
[EventCountry "GER"]
[SourceTitle "EXT 2008"]
[Source "ChessBase"]
[SourceDate "2007.11.25"]
[SourceVersion "1"]
[SourceVersionDate "2007.11.25"]
[SourceQuality "1"]

1. Nf3 f5 2. c4 Nf6 3. Nc3 g6 4. e4 fxe4 5. Ng5 Bg7 6. h4 h6 7. Ngxe4 Nxe4 8. Nxe4 d5 9. Ng3 0-0 10. Qc2 Nc6 11. Qxg6 Ne5 12. Qc2 Ng4 13. f3 Qd6 14. Ne2 Bf5 15. c5 Qe6 16. Qa4 Ne5 17. d4 Nd3+ 18. Kd2 b5 19. Qxb5 Bxd4 20. Qxd3 Bxd3 21. Nxd4 Qg6 22. h5 Qa6 23. Bxd3 Qa5+ 24. Ke2 Qb4 25. Rh4 e5 26. a3 Qxc5 27. Ne6 Qg1 28. Rg4+ Kf7 29. Nxf8 Rxf8 30. Rb1 e4 31. fxe4 dxe4 32. Bxe4 Re8 33. Be3 Qh2 34. Bg6+ Ke7 35. Re4+ Kf6 36. Rf1+ 1-0

[Event "Rhein Main op 10th"]
[Site "Bad Homburg"]
[Date "2007.06.07"]
[Round "3"]
[White "Raab, Peter"]
[Black "Klundt, Klaus"]
[Result "1/2-1/2"]
[WhiteElo "2143"]
[BlackElo "2378"]
[PlyCount "77"]
[EventDate "2007.06.06"]
[EventType "swiss"]
[EventRounds "7"]
[EventCountry "GER"]
[SourceTitle "EXT 2008"]
[Source "ChessBase"]
[SourceDate "2007.11.25"]
[SourceVersion "1"]
[SourceVersionDate "2007.11.25"]
[SourceQuality "1"]

1. Nf3 Nf6 2. c4 g6 3. g3 Bg7 4. Bg2 d6 5. Nc3 0-0 6. 0-0 Nc6 7. d3 e5 8. Rb1 a5 9. a3 Nd4 10. Nxd4 exd4 11. Nb5 Ng4 12. h3 c6 13. hxg4 Bxg4 14. a4 cxb5 15. axb5 Qd7 16. Re1 Rfe8 17. b3 h5 18. Bf4 Rac8 19. Qd2 Rc5 20. f3 Bh3 21. e4 Bxg2 22. Kxg2 f6 23. Bh6 Bxh6 24. Qxh6 Rg5 25. f4 Rg4 26. f5 Qg7 27. Qxg7+ Kxg7 28. Kf3 Rg5 29. fxg6 Kxg6 30. Kf2 f5 31. exf5+ Rxf5+ 32. Kg2 Rfe5 33. Rxe5 Rxe5 34. Rf1 Re3 35. Rf3 Rxf3 36. Kxf3 Kf5 37. b6 Ke5 38. Kf2 Kf6 39. Kf3 1/2-1/2

[Event "Hessenliga 0607"]
[Site "Germany"]
[Date "2007.02.11"]
[Round "7.2"]
[White "Dahlheimer, Bernd"]
[Black "Raab, Peter"]
[Result "0-1"]
[WhiteElo "2204"]
[BlackElo "2134"]
[PlyCount "58"]
[EventDate "2006.09.17"]
[EventType "team-tourn"]
[EventRounds "9"]
[EventCountry "GER"]
[SourceTitle "EXT 2008"]
[Source "ChessBase"]
[SourceDate "2007.11.25"]
[SourceVersion "1"]
[SourceVersionDate "2007.11.25"]
[SourceQuality "1"]
[WhiteTeam "Dettingen"]
[BlackTeam "Eppstein"]
[WhiteTeamCountry "GER"]
[BlackTeamCountry "GER"]

1. d4 f5 2. g3 Nf6 3. Bg2 g6 4. c4 Bg7 5. Nc3 0-0 6. Nh3 d6 7. d5 c6 8. 0-0 e5 9. dxe6 Bxe6 10. Qb3 Qe7 11. Ng5 Bc8 12. e4 Nxe4 13. Ncxe4 fxe4 14. Nxe4 Nd7 15. Nxd6 Nc5 16. Nxc8 Raxc8 17. Qc2 Bd4 18. Bh6 Rfe8 19. Rad1 Rcd8 20. b4 Ne6 21. Bd2 Qf6 22. Bc1 Ng5 23. Rxd4 Rxd4 24. Bb2 Qd8 25. Qc3 Ne6 26. Bh3 Ng5 27. Bg2 Ne6 28. Bh3 Ng5 29. Qxd4 Nf3+ 0-1

[Event "Hessenliga 0607"]
[Site "Germany"]
[Date "2006.12.03"]
[Round "5.1"]
[White "Raab, Peter"]
[Black "Nazarenus, Moritz"]
[Result "0-1"]
[WhiteElo "2134"]
[BlackElo "2201"]
[PlyCount "90"]
[EventDate "2006.09.17"]
[EventType "team-tourn"]
[EventRounds "9"]
[EventCountry "GER"]
[SourceTitle "EXT 2008"]
[Source "ChessBase"]
[SourceDate "2007.11.25"]
[SourceVersion "1"]
[SourceVersionDate "2007.11.25"]
[SourceQuality "1"]
[WhiteTeam "Eppstein"]
[BlackTeam "Schoeneck II"]
[WhiteTeamCountry "GER"]
[BlackTeamCountry "GER"]

1. Nf3 d5 2. c4 c6 3. g3 Nf6 4. Bg2 Bg4 5. b3 e6 6. Bb2 Be7 7. 0-0 0-0 8. d3 Nbd7 9. Nbd2 Re8 10. Qc2 Bf8 11. h3 Bh5 12. g4 Bg6 13. Nh4 e5 14. Nxg6 hxg6 15. e3 a5 16. a3 Bd6 17. Bc3 Qe7 18. b4 Nf8 19. Rfb1 Ne6 20. c5 Bc7 21. d4 exd4 22. Bxd4 Nxd4 23. exd4 axb4 24. axb4 Nh7 25. Nf3 Nf8 26. Qc3 Ne6 27. Re1 Qf6 28. Qe3 Bf4 29. Qc3 Bg5 30. Nxg5 Qxg5 31. Qe3 Qf6 32. Rxa8 Rxa8 33. Rd1 Ra2 34. Bf1 Rb2 35. b5 Ra2 36. bxc6 bxc6 37. Bg2 Ra4 38. Qb3 Rxd4 39. Ra1 Rd2 40. Ra8+ Kh7 41. Qg3 g5 42. Qe3 Rd1+ 43. Bf1 Qd4 44. Qf3 Nf4 45. Ra3 Qd2 0-1

[Event "Hessenliga 0607"]
[Site "Germany"]
[Date "2006.11.12"]
[Round "4.4"]
[White "Raab, Peter"]
[Black "Svitek, Volker"]
[Result "1/2-1/2"]
[WhiteElo "2134"]
[BlackElo "2141"]
[PlyCount "100"]
[EventDate "2006.09.17"]
[EventType "team-tourn"]
[EventRounds "9"]
[EventCountry "GER"]
[SourceTitle "EXT 2008"]
[Source "ChessBase"]
[SourceDate "2007.11.25"]
[SourceVersion "1"]
[SourceVersionDate "2007.11.25"]
[SourceQuality "1"]
[WhiteTeam "Eppstein"]
[BlackTeam "Frankfurt West"]
[WhiteTeamCountry "GER"]
[BlackTeamCountry "GER"]

1. Nf3 d5 2. c4 c6 3. g3 Nf6 4. Bg2 e6 5. b3 Be7 6. Bb2 0-0 7. 0-0 b6 8. e3 Bb7 9. Qe2 Nbd7 10. d3 Qc7 11. Nbd2 Rac8 12. Rac1 Qb8 13. Rc2 Rfd8 14. Rfc1 Nc5 15. cxd5 cxd5 16. Ne5 Bd6 17. Ndf3 a5 18. Qd1 Qa8 19. Bd4 Ncd7 20. Bh3 Nxe5 21. Nxe5 Rxc2 22. Rxc2 Rc8 23. Qc1 Rxc2 24. Qxc2 Qc8 25. Qxc8+ Bxc8 26. f4 Bc7 27. Kf2 Kf8 28. Ke2 Ke7 29. Nf3 Ne8 30. Bb2 f6 31. Nd4 Bd7 32. Nf3 Nd6 33. Ba3 Kf7 34. Nd4 g6 35. Kd2 Ne8 36. e4 dxe4 37. dxe4 h5 38. Ke3 Ng7 39. Nf3 Ne8 40. Bb2 Bd8 41. e5 f5 42. Nd4 Be7 43. Bg2 Bc5 44. Kd3 Bc8 45. Nf3 Ba6+ 46. Kd2 Nc7 47. Bd4 Bb4+ 48. Bc3 Bc5 49. Bd4 Bb4+ 50. Bc3 Bc5 1/2-1/2

[Event "Karl Mala Memorial op 10th"]
[Site "Griesheim"]
[Date "2006.07.23"]
[Round "7"]
[White "Raab, Peter"]
[Black "Schimmer, Michael"]
[Result "1-0"]
[WhiteElo "2134"]
[BlackElo "1937"]
[PlyCount "55"]
[EventDate "2006.07.20"]
[EventType "swiss"]
[EventRounds "7"]
[EventCountry "GER"]
[SourceTitle "CBM 113 Extra"]
[Source "ChessBase"]
[SourceDate "2006.09.14"]
[SourceVersion "1"]
[SourceVersionDate "2006.09.14"]
[SourceQuality "1"]

1. Nf3 d6 2. c4 Nf6 3. g3 g6 4. Bg2 Bg7 5. 0-0 0-0 6. Nc3 e5 7. d3 Nc6 8. Rb1 a5 9. a3 Ne8 10. b4 axb4 11. axb4 f5 12. b5 Ne7 13. Qb3 Nf6 14. Bb2 h6 15. Ra1 Rb8 16. c5+ Kh7 17. b6 cxb6 18. cxd6 Qxd6 19. Ba3 Qd8 20. Nxe5 Nd7 21. Nc4 Nc5 22. Qc2 Be6 23. Rab1 Bxc4 24. dxc4 Re8 25. Rfd1 Qc7 26. Nb5 Qe5 27. Bb2 Qe6 28. Nc7 1-0